zpět

Detail výsledku týmu

U Opata, Pardubice

Datum a čas kvízu

28.5 Celkem bodů Celkový počet nahraných bodů na tomto kvízu bez doplňovacích otázek.
7. Pořadí na kvízu Konečné umístění týmu na tomto kvízu.

Zaznamenané odpovědi

# Otázka Odpověď Body Výsledky
1. Komunální volby mají mnohdy ku... 0
2. V Evropské unii začalo platit... 1
3. Na fotce vidíme masku, pod kte... 1
4. Minulý týden byl ohlášen konec... 0
5. Minulý týden bylo oznámeno, že... 0
6. Ukrajina patří mezi největší z... 1
7. Hlavním a největším městem Ukr... 1
8. Jak se jmenuje prezident Ukraj... 1
9. Mezi nejtypičtější ukrajinské... 0
10. Ukrajina drží jeden zajímavý s... 0